000
00263nam a2200121Ia 4500
008
190216s9999||||xx |||||||||||||| ||und||
100
_a
Pearl S Buck
245
0
_a
Letter From Peking
260
_b
Bi Pub
_c
1957
300
_a
188p
650
_a
Novel
942
_c
BK
999
_c
13530
_d
13530